Włoskie miasta po włosku - Statystyki

Ogólne statystyki
  • Ten quiz został rozwiązany 459 razy
  • Średni wynik to 8 z 12
Statystyki odpowiedzi
Polski Wlochski % Poprawnych
Rzym Roma
99%
Neapol Napoli
92%
Mediolan Milano
87%
Werona Verona
86%
Bolonia Bologna
78%
Turyn Torino
78%
Katania Catania
64%
Wenecja Venezia
62%
Mesyna Messina
58%
Padwa Padova
42%
Florencja Firenze
37%
Genua Genova
35%
Nie znaleziono quizów pasujących do podanych kryteriów
Rozkład punktacji
Procent ludzi z każdym wynikiem
Percentyl według liczby udzielonych odpowiedzi
Twoja historia wyników
Nie rozwiązałeś tego quizu